00130nam a22000617a 4500082001500000100001200015245004100027 a604.2bLUZ aWarren. aFundamental of Engineering Drawing /